More chemistry and crime from marsh arsenic test to DNA profile /
Salvato in:
| Altri autori: | , |
|---|---|
| Natura: | Libro |
| Lingua: | inglese |
| Pubblicazione: |
Washington, DC
American Chemical Society
c1997.
|
| Soggetti: | |
| Accesso online: | Visualizza in OPAC |
| Tags: |
Nessun Tag, puoi essere il primo ad aggiungerne!!
|
MARC
| LEADER | 00000cam a2200000 a 4500 | ||
|---|---|---|---|
| 005 | 20260127133924.0 | ||
| 008 | 050504s1997 dcua b 001 0 eng | ||
| 010 | |a 97-029913 | ||
| 020 | |a 084123406X | ||
| 035 | |a vtls001563586 | ||
| 035 | |a 4490138 | ||
| 039 | 9 | |y 200505040937 |z mschk03 | |
| 040 | |a STUSCHK1 |b slo |c STUSCHK1 | ||
| 082 | 0 | 0 | |a 363.25/6 |2 21 |
| 245 | 0 | 0 | |a More chemistry and crime |b from marsh arsenic test to DNA profile / |c Samuel M. Gerber, editor, Richard Saferstein, editor. |
| 260 | |a Washington, DC |b American Chemical Society |c c1997. | ||
| 300 | |a xii, 204 p. |b ill. |c 24 cm. | ||
| 504 | |a Includes bibliographical references and index. | ||
| 650 | 0 | |a Chemistry, Forensic. | |
| 650 | 0 | |a vyšetrovanie trestných činov | |
| 650 | 0 | |a Crime laboratories. | |
| 700 | 1 | |a Gerber, Samuel M., |d 1920- | |
| 700 | 1 | |a Saferstein, Richard, |d 1941- | |
| 906 | |a 7 |b cbc |c orignew |d 1 |e ocip |f 19 |g y-gencatlg | ||
| 910 | |a SCHK95 | ||
| 919 | |a 0-8412-3406-X | ||
| 920 | |a ** LC HAS REQ'D # OF SHELF COPIES ** | ||
| 991 | |b c-GenColl |h HV8073 |i .M763 1997 |t Copy 1 |w BOOKS | ||
| 991 | |b c-GenColl |h HV8073 |i .M763 1997 |p 00054051049 |t Copy 2 |w CCF | ||
| 999 | |c 101 |d 101 | ||